| 000 | 00407nmm a2200157 a 4500 | ||
|---|---|---|---|
| 003 | AR-X00000XY | ||
| 005 | 20251128212008.0 | ||
| 008 | 077020s1949 ||||||||||||||000 | spa|| | ||
| 040 | _cAR-X00000XY | ||
| 245 | 1 | 0 | _aL'art brut préféré aux arts culturels |
| 260 |
_aParis _c1949 _bGalerie René Drouin |
||
| 300 | 0 | _asin pag. | |
| 700 | 1 |
_aDubuffet, Jean _eprologuista |
|
| 942 | _cBK | ||
| 998 | _cmartin | ||
| 999 |
_c21975 _d21975 |
||